| 000 | 01863nas1a22002651i 4500 | ||
|---|---|---|---|
| 001 | RU\NLR\Per\1213774 | ||
| 005 | 20260406181053.0 | ||
| 035 | _a(NLR Aleph) 011095103 | ||
| 090 |
_a11387877 _c11387877 |
||
| 100 | _a20160330a20159999|||y0rusy50 ca | ||
| 101 | 0 | _arus | |
| 102 | _aRU | ||
| 110 | _azu||||||||| | ||
| 200 | 1 | _aЖурнал Череповецкого высшего военного инженерного училища радиоэлектроники | |
| 207 | 0 | _aВып. 7 (2015) - | |
| 210 |
_aМосква _cРадиотехника _d2015 - |
||
| 300 | _aПечатается на страницах журн.: Наукоемкие технологии | ||
| 311 | _aРанее выходил как: Череповецкий военный инженерный институт радиоэлектроники. Журнал Череповецкого военного инженерного института радиоэлектроники | ||
| 430 | 0 |
_12001#$aЖурнал Череповецкого военного инженерного института радиоэлектроники _171002$3RU\NLR\AUTH\8810122308$aЧереповецкий военный инженерный институт радиоэлектроники _tЖурнал Череповецкого военного инженерного института радиоэлектроники _aЧереповецкий военный инженерный институт радиоэлектроники |
|
| 488 | 0 |
_12001#$aНаукоемкие технологии _tНаукоемкие технологии |
|
| 710 | 0 | 2 |
_aЧереповецкое высшее военное инженерное училище радиоэлектроники _9386973 _3RU\NLR\AUTH\889945767 |
| 852 |
_aNLR _jП11/4448 |
||
| 942 | _cSE | ||
| 980 | _aRUSPER | ||